| 000 | 00936nam a2200241Ia 4500 | ||
|---|---|---|---|
| 001 | 15997 | ||
| 003 | GE_BSU | ||
| 008 | 181216s||||||||xx |||||||||||||| ||und|| | ||
| 040 | _cGE_BSU | ||
| 080 | _a821.353.1-1 | ||
| 100 | _aჯაბუშანური, გაბრიელ | ||
| 245 | _aმოკრძალება | ||
| 245 | _bლექსები და ბალადები | ||
| 245 | _cრედ. ზ. აბესაძე. მხ. ო.ჯიშკარიანი | ||
| 260 | _aთბილისი | ||
| 260 | _bსაბჭ. საქართველო | ||
| 260 | _c1967 | ||
| 300 | _a114გვ. ; 16სმ | ||
| 653 | _aლექსები და ბალადები | ||
| 653 | _aმოკრძალება | ||
| 653 | _aციკლიდან "სისკარი"; ციკლიდან "მარეხი"; ციკლიდან "მზექალი | ||
| 942 | _cBK | ||
| 999 |
_c49090 _d49090 |
||